Szovjet tudósok előadásai Szegeden
Elmentve itt :
| Dokumentumtípus: | Cikk |
|---|---|
| Megjelent: |
1967-09-13
|
| Sorozat: | Délmagyarország
|
| Kulcsszavak: | Sztasko I. J., Szeidov G., Ferelman L. M., Tudományos előadás szovjet Szeged 1967, Vendégeink |
| Online Access: | http://dmarchiv.bibl.u-szeged.hu/55828 |
| LEADER | 00478nab a2200145 i 4500 | ||
|---|---|---|---|
| 001 | delm55828 | ||
| 005 | 20180927141845.0 | ||
| 008 | 180927s1967 hu o 0|| hun d | ||
| 040 | |a SZTE Délmagyarország Archívum |b hun | ||
| 041 | |a hun | ||
| 245 | 0 | 0 | |a Szovjet tudósok előadásai Szegeden |h [elektronikus dokumentum] |
| 260 | |c 1967-09-13 | ||
| 300 | |a 3 | ||
| 490 | 0 | |a Délmagyarország | |
| 695 | |a Sztasko I. J., Szeidov G., Ferelman L. M., Tudományos előadás szovjet Szeged 1967, Vendégeink | ||